书目信息 |
| 题名: |
外贝加尔的哥萨克
|
|
| 作者: | 瓦西里耶夫 著 ;徐滨 译 | |
| 分册: | 第一卷 | |
| 出版信息: | 北京 商务印书馆 1979 |
|
| 页数: | 443页 | |
| 开本: | 20cm | |
| 丛书名: | ||
| 单 册: | ||
| 中图分类: | K512.33 | |
| 科图分类: | ||
| 主题词: | 中俄关系-边界问题--1669~1846 , 东欧--历史 , 边界问题-中俄关系--1669~1846 , 中欧--历史 | |
| 电子资源: | ||
| ISBN: | ||
| 000 | 00843nam0 2200289 45 | |
| 001 | 0179001383 | |
| 005 | 20131014143130.23 | |
| 010 | @dCNY1.30 | |
| 091 | @a11017.384 | |
| 100 | @a19950713d1979 kemy0chiy0121 ea | |
| 101 | 1 | @achi@crus |
| 102 | @aCN@b110000 | |
| 105 | @ay z 000yd | |
| 200 | 10 | @a外贝加尔的哥萨克@Awai bei jia er de ge sa ke@e史纲@h第一卷@f(俄)А·П·瓦西里耶夫著@F(e)А·П·wa xi li ye fu zhu@g徐滨等译 |
| 210 | @a北京@c商务印书馆@d1979 | |
| 215 | @a443页@d20cm | |
| 300 | @a内部发行 | |
| 606 | @a中俄关系-边界问题@z1669~1846 | |
| 606 | 0 | @a东欧@x历史 |
| 606 | @a边界问题-中俄关系@z1669~1846 | |
| 606 | 0 | @a中欧@x历史 |
| 610 | 0 | @a哥萨克 |
| 690 | @aK512.33 | |
| 701 | 1 | @a瓦西里耶夫@Awa xi li ye fu@bА.П.@4著 |
| 702 | 0 | @a徐滨@Axu bin@4译 |
| 801 | 0 | @aCN@bNLC@c20060524 |
| 905 | @dK512.33@e46:1 | |
| 外贝加尔的哥萨克:史纲.第一卷/(俄)А·П·瓦西里耶夫著/徐滨等译.-北京:商务印书馆,1979 |
| 443页;20cm |
| 内部发行 |
| ISBN :CNY1.30 |
| ● |
| 相关链接 |
|
|
|
|
正题名:外贝加尔的哥萨克
索取号:K512.33/46:1
 
预约/预借
| 序号 | 登录号 | 条形码 | 馆藏地/架位号 | 状态 | 备注 |
| 1 | 0001094 | 202381877 | 密集书库/ [索取号:K512.33/46:1] | 在馆 | |
| 2 | 0218739 | 001394823 | 第二借阅区/ [索取号:K512.33/46:1] | 在馆 | |
| 3 | 0218740 | 001394869 | 第二样本阅览室/ [索取号:K512.33/46:1] | 在馆 |